Finančné nástroje Európskej únie na podporu riešenia regionálnych disparít členských štátov diplomová práca

Gespeichert in:
Bibliographische Detailangaben
1. Verfasser: Bothová, Viktória
Körperschaft: Národohospodárska fakulta EU. Katedra financií
Weitere Verfasser: Neubauerová, Erika, 1968-
Format: Buch
Sprache:Slowakisch
Veröffentlicht: Bratislava 2023
Tags: Tag hinzufügen
Keine Tags, Fügen Sie das erste Tag hinzu!

MARC

LEADER 00000nbm a2200000 4500
001 0292952
005 20231123093531.5
041 0 |a slo 
044 |a SK 
245 1 0 |a Finančné nástroje Európskej únie na podporu riešenia regionálnych disparít členských štátov  |b diplomová práca  |c Viktória Bothová ; školiteľ: Erika Neubauerová 
264 1 |a Bratislava  |c 2023 
300 |a 81 s. 
100 1 |a Bothová, Viktória 
700 1 |a Neubauerová, Erika, 1968- 
710 2 |a Národohospodárska fakulta EU. Katedra financií